Expresión literaria de nuestra vieja raza

Guardat en:
Dades bibliogràfiques
Autor principal: Herrera Vega, Adolfo
Format: Llibre
Idioma:Undetermined
Publicat: El Salvador Ministerio de Educación 1961
Matèries:
Etiquetes: Afegir etiqueta
Sense etiquetes, Sigues el primer a etiquetar aquest registre!

MARC

LEADER 00000nam a2200000Ia 4500
008 170316s9999 xx 000 0 und d
040 |a cru BVZT 
090 |a 860 H-12e 
100 |a Herrera Vega, Adolfo 
245 |a Expresión literaria de nuestra vieja raza 
260 |a El Salvador 
260 |b Ministerio de Educación 
260 |c 1961 
300 |a 331 páginas 
650 |a LITERATURA LATINOAMERICANA 
999 |c 8808  |d 8808 
942 |c 15 D  |h 860 H-12e  |2 z